[Event "slow knockout tournament"]
[Site "SchemingMind.com"]
[Date "2014.03.24"]
[Round "-"]
[White "bobbassbone"]
[Black "Fred Fanelli"]
[Result "0-1"]
[WhiteCountry "ENG"]
[BlackCountry "USA"]
[WhiteElo "1606"]
[WhiteRD "61"]
[BlackElo "1482"]
[BlackRD "80"]
[GameID "351771"]

1. d4 d5 2. Bf4 Nf6 3. e3 e6 4. c3 Bd6 5. Bg3 Nc6 6. Bd3 Bxg3 7. hxg3 Ne4 8. Nd2 f5 9. Ngf3 O-O 10. Bb5 Bd7
11. Bxc6 Bxc6 12. Nxe4 fxe4 13. Ne5 Bb5 14. Qh5 h6 15. Rh4 Rf5 16. Qg4 Qg5 17. Qxg5 Rxg5 18. Kd2 Rf8 19. a4 Rxf2+
0-1

[Event "slow knockout tournament"]
[Site "SchemingMind.com"]
[Date "2014.03.24"]
[Round "-"]
[White "Fred Fanelli"]
[Black "bobbassbone"]
[Result "0-1"]
[WhiteCountry "USA"]
[BlackCountry "ENG"]
[WhiteElo "1482"]
[WhiteRD "80"]
[BlackElo "1606"]
[BlackRD "61"]
[GameID "351772"]

1. c4 c6 2. Nf3 d5 3. g3 Nf6 4. cxd5 Nxd5 5. Bg2 Bg4 6. d3 Bxf3 7. Bxf3 e6 8. Bd2 Nd7 9. Nc3 Bb4 10. a3 Bxc3
11. bxc3 N7f6 12. e4 Nb6 13. O-O Qxd3 14. Qe2 Qxe2 15. Bxe2 O-O-O 16. Be3 Nxe4 17. Rac1 Na4 18. c4 Nac3 19. Bf3 Rd3 20. Bxe4 Nxe4
21. a4 b6 22. Rfd1 Rhd8 23. Rxd3 Rxd3 24. Ra1 Rc3 25. Rc1 Ra3 26. a5 Rxa5
0-1

[Event "slow knockout tournament"]
[Site "SchemingMind.com"]
[Date "2014.04.04"]
[Round "-"]
[White "Wojciech  Langer"]
[Black "Brian Acebo"]
[Result "0-1"]
[WhiteCountry "INT"]
[BlackCountry "USA"]
[WhiteElo "1640"]
[WhiteRD "83"]
[BlackElo "1663"]
[BlackRD "88"]
[GameID "354305"]

1. Nf3 d5 2. g3 Nf6 3. Bg2 e6 4. O-O c5 5. c4 Be7 6. cxd5 Nxd5 7. e4 Nb6 8. d3 O-O 9. Nc3 Nc6 10. a3 h6
11. Bf4 Bd6 12. Be3 Nd7 13. Re1 b6 14. Qd2 Nde5 15. Red1 Qc7 16. Nb5 Qe7 17. d4 Nxf3+ 18. Bxf3 cxd4 19. Nxd4 Nxd4 20. Qxd4 Rd8
21. e5 Bc7 22. Qe4 Rb8 23. Rxd8+ Bxd8 24. Bg2 Bb7 25. Qd3 Bxg2 26. Kxg2 Bc7 27. f4 Rd8 28. Qe4 a5 29. b4 axb4 30. axb4 Rb8
31. Rc1 Qd7 32. Qd4 Qb5 33. Qc5 bxc5
0-1

[Event "slow knockout tournament"]
[Site "SchemingMind.com"]
[Date "2014.04.04"]
[Round "-"]
[White "Brian Acebo"]
[Black "Wojciech  Langer"]
[Result "1-0"]
[WhiteCountry "USA"]
[BlackCountry "INT"]
[WhiteElo "1663"]
[WhiteRD "88"]
[BlackElo "1640"]
[BlackRD "83"]
[GameID "354306"]

1. e4 d6 2. d4 Nf6 3. Nc3 g6 4. Nf3 Bg7 5. Be3 c6 6. Qd2 Nbd7 7. O-O-O Qc7 8. h3 b5 9. Bh6 O-O 10. g4 b4
11. Nb1 a5 12. Bc4 Nxe4 13. Qe3 d5 14. Bd3 Ndf6 15. Bxg7 Kxg7 16. g5 Nh5 17. Nbd2 Nf4 18. Nxe4 Nxd3+ 19. Rxd3 dxe4 20. Qxe4 Bf5
21. Qe5+ Qxe5 22. Nxe5 Bxd3 23. Nxd3 Rad8 24. c3 bxc3 25. bxc3 Rd5 26. f4 f6 27. h4 h6 28. Re1 Re8 29. Nc5 e5 30. gxf6+ Kxf6
31. fxe5+ Kf5 32. Ne4 Rdd8 33. Nf6 Rf8 34. Rf1+ Ke6 35. Rg1 Kf5 36. Kd2 c5 37. Ke3 cxd4+ 38. cxd4 h5 39. Rg5+
1-0

[Event "slow knockout tournament"]
[Site "SchemingMind.com"]
[Date "2014.04.07"]
[Round "-"]
[White "Scooter"]
[Black "Phillip Beckett"]
[Result "1-0"]
[WhiteCountry "USA"]
[BlackCountry "ENG"]
[WhiteElo "1732"]
[WhiteRD "47"]
[BlackElo "1553"]
[BlackRD "49"]
[GameID "354449"]

1. d4 d5 2. Nf3 Nf6 3. Bf4 e6 4. e3 c5 5. c3 Nc6 6. Bb5 a6 7. Bxc6+ bxc6 8. O-O Qb6 9. Qb3 Qxb3 10. axb3 Be7
11. Nbd2 cxd4 12. Nxd4 c5 13. Nc6 Bb7 14. Nxe7 Kxe7 15. Ra5 Rhc8 16. Rfa1 Nh5 17. h3 Nxf4 18. exf4 Rd8 19. Kf1 d4 20. Rxc5 dxc3
21. Rc7+ Rd7 22. Rxd7+ Kxd7 23. bxc3 Bd5 24. g3 a5 25. Ke2 Kc7 26. Ke3 Kb6 27. c4 Bc6 28. Ne4 Bxe4 29. Kxe4 Kc5 30. Ra4 Kb6
31. b4 Ra7 32. c5+ Kb5 33. Rxa5+ Rxa5 34. bxa5 Kxc5 35. Ke5 Kb5 36. Kd6 Kxa5 37. Ke7 Kb5 38. Kxf7 g5 39. fxg5
1-0

[Event "slow knockout tournament"]
[Site "SchemingMind.com"]
[Date "2014.04.07"]
[Round "-"]
[White "Phillip Beckett"]
[Black "Scooter"]
[Result "1/2-1/2"]
[WhiteCountry "ENG"]
[BlackCountry "USA"]
[WhiteElo "1553"]
[WhiteRD "49"]
[BlackElo "1732"]
[BlackRD "47"]
[GameID "354450"]

1. e4 c6 2. d4 d5 3. Nc3 dxe4 4. Nxe4 Bf5 5. Ng3 Bg6 6. Nf3 Nd7 7. c3 Qc7 8. Bd3 Bxd3 9. Qxd3 O-O-O 10. Be3 Ngf6
11. O-O-O e6 12. Rhe1 Be7 13. Qd2 h6 14. Bf4 Bd6 15. Bxd6 Qxd6 16. Qe2 Nb6 17. Ne5 Rhf8 18. Ne4 Nxe4 19. Qxe4 Nd7 20. Nxd7 Rxd7
21. Qe5 Qxe5 22. dxe5 Rfd8 23. Rxd7 Rxd7 24. Rd1 c5 25. Rxd7 Kxd7 26. f4 c4 27. Kd2 Kc6 28. Ke3 Kc5 29. Ke4 b5 30. a3 a5
31. g4 b4 32. axb4+ axb4 33. f5 g6 34. h4 g5 35. hxg5 hxg5 36. cxb4+ Kxb4 37. Kd4 Kb3 38. Kc5 exf5 39. gxf5 g4 40. e6 fxe6
41. fxe6 g3 42. e7 g2 43. e8=Q g1=Q+ 44. Kd5 Qg5+ 45. Kc6 Qf6+ 46. Kc5 Qxb2 47. Qb5+ Kc2=
1/2-1/2

[Event "slow knockout tournament"]
[Site "SchemingMind.com"]
[Date "2014.04.09"]
[Round "-"]
[White "Transcendent"]
[Black "alexyongpohweng"]
[Result "1-0"]
[WhiteCountry "ENG"]
[BlackCountry "MAS"]
[WhiteElo "1790"]
[WhiteRD "68"]
[BlackElo "1251"]
[BlackRD "46"]
[GameID "354592"]

1. d4 d5 2. Nf3 Nf6 3. c4 dxc4 4. g3 e6 5. Bg2 g6 6. O-O Bg7 7. Nc3 O-O 8. e4 Nc6 9. Be3 a6 10. h3 b5
11. a3 Bd7 12. Qd2 Qb8 13. e5 Ne8 14. Bh6 Bxh6 15. Qxh6 f5 16. Ng5 Rf7 17. Nxf7 Kxf7 18. Qxh7+ Ng7 19. Rad1 Qh8 20. Qxh8 Rxh8
21. f4 Ne8 22. d5 exd5 23. Nxd5 Be6 24. Nxc7 Nxc7 25. Bxc6 Rxh3 26. Kg2 Rh7 27. Rh1 Kf8 28. Rxh7 Kg8 29. Rxc7
1-0

[Event "slow knockout tournament"]
[Site "SchemingMind.com"]
[Date "2014.04.08"]
[Round "-"]
[White "alexyongpohweng"]
[Black "Transcendent"]
[Result "0-1"]
[WhiteCountry "MAS"]
[BlackCountry "ENG"]
[WhiteElo "1251"]
[WhiteRD "46"]
[BlackElo "1790"]
[BlackRD "68"]
[GameID "354593"]

1. d4 d5 2. h3 Nf6 3. Nf3 c6 4. a3 Qc7 5. e3 Bf5 6. Be2 e6 7. O-O Bd6 8. Nc3 O-O 9. Na2 Nbd7 10. b3 c5
11. dxc5 Bxc5 12. b4 Bd6 13. Bb2 Rac8 14. Nh2 Bxh2+ 15. Kh1 Be5 16. Bxe5 Nxe5 17. c3 Nc4 18. Bxc4 Qxc4 19. g4 Bg6 20. f3 Ne8
21. h4 h5 22. g5 Qxh4+ 23. Kg1 Qxg5+ 24. Kf2 Nd6 25. Rg1 Qh4+ 26. Ke2 Qh2+ 27. Kf1 Nc4 28. Rg2 Nxe3+
0-1

[Event "slow knockout tournament"]
[Site "SchemingMind.com"]
[Date "2014.04.15"]
[Round "-"]
[White "poisonpawn1"]
[Black "SAMAEL"]
[Result "1-0"]
[WhiteCountry "ENG"]
[BlackCountry "CAN"]
[WhiteElo "1878"]
[WhiteRD "70"]
[BlackElo "1772"]
[BlackRD "56"]
[GameID "355486"]

1. Nf3 Nf6 2. c4 c5 3. Nc3 Nc6 4. d4 cxd4 5. Nxd4 e6 6. g3 Be7 7. Bg2 O-O 8. O-O h6 9. Bf4 Nxd4 10. Qxd4 d6
11. Be3 e5 12. Qd2 Ng4 13. b3 Nxe3 14. Qxe3 a6 15. Rfd1 Kh7 16. Ne4 Rb8 17. c5 d5 18. Nd6 Bxd6 19. Rxd5 f6 20. Rxd6 Qc7
21. Rad1 Bf5 22. Be4 Qc8 23. Rd7 Bxe4 24. Qxe4+ Kh8 25. b4 a5 26. Qg6 Rg8 27. Rf7 axb4 28. Rdd7 Qxc5 29. Qxh6+
1-0

[Event "slow knockout tournament"]
[Site "SchemingMind.com"]
[Date "2014.04.15"]
[Round "-"]
[White "SAMAEL"]
[Black "poisonpawn1"]
[Result "0-1"]
[WhiteCountry "CAN"]
[BlackCountry "ENG"]
[WhiteElo "1772"]
[WhiteRD "56"]
[BlackElo "1878"]
[BlackRD "70"]
[GameID "355487"]

1. e4 e5 2. Nf3 Nf6 3. d3 d6 4. c4 Be7 5. Be2 O-O 6. O-O c5 7. Nc3 Nc6 8. h3 Qb6 9. b3 Nd4 10. Nxd4 cxd4
11. Nd5 Nxd5 12. exd5 Bd7 13. Kh1 f5 14. f4 e4 15. Bb2 Bf6 16. g4 e3 17. g5 Bd8 18. h4 a5 19. a3 Qc5 20. Kg2 b5
21. Qc2 Bb6 22. Rh1 Rac8 23. h5 Qxd5+ 24. Bf3 Qe6 25. Bd5 Qxd5+
0-1

[Event "slow knockout tournament"]
[Site "SchemingMind.com"]
[Date "2014.04.10"]
[Round "-"]
[White "emvarela"]
[Black "simpet"]
[Result "0-1"]
[WhiteCountry "ARG"]
[BlackCountry "ENG"]
[WhiteElo "1766"]
[WhiteRD "50"]
[BlackElo "1653"]
[BlackRD "56"]
[GameID "355495"]

1. e4 e5 2. Nf3 d6 3. d4 Nc6 4. Bb5 Bd7 5. Nc3 exd4 6. Nxd4 Nxd4 7. Bxd7+ Qxd7 8. Qxd4 Ne7 9. Nd5 Nxd5 10. exd5 f6
11. O-O Be7 12. Re1 O-O 13. c4 b6 14. Re6 Rfe8 15. Bd2 c5 16. Qd3 Bf8 17. Rae1 Rxe6 18. Rxe6 Re8 19. Rxe8 Qxe8 20. b3 Qe5
21. Bc3 Qf4 22. Qe3 Qxe3 23. fxe3 f5 24. h4 Be7 25. g3 Kf7 26. Kf2 Bf6 27. Bxf6 Kxf6 28. Kf3 Ke5 29. h5 h6 30. a3 a6
31. b4 cxb4 32. axb4 a5 33. bxa5 bxa5
0-1

[Event "slow knockout tournament"]
[Site "SchemingMind.com"]
[Date "2014.04.10"]
[Round "-"]
[White "simpet"]
[Black "emvarela"]
[Result "1/2-1/2"]
[WhiteCountry "ENG"]
[BlackCountry "ARG"]
[WhiteElo "1650"]
[WhiteRD "60"]
[BlackElo "1677"]
[BlackRD "48"]
[GameID "355496"]

1. e4 e5 2. Bc4 f6 3. Ne2 c6 4. Bxg8 Rxg8 5. O-O d5 6. exd5 cxd5 7. d3 Nc6 8. a3 Bc5 9. b4 Bb6 10. Bb2 Bg4
11. Kh1 Bxe2 12. Qxe2 Nd4 13. Bxd4 Bxd4 14. c3 Bb6 15. Rd1 g6 16. d4 e4 17. f3 f5 18. fxe4 fxe4 19. Qg4 Qd7 20. Qxd7+ Kxd7
21. Nd2 Raf8 22. Rf1 Rf5 23. h3 Rgf8 24. Kg1 Rxf1+ 25. Rxf1 Rxf1+ 26. Nxf1 a5 27. g4 axb4 28. axb4 Bc7 29. Ne3 Ke6 30. Kg2 Bf4
31. Nd1 b5 32. h4 h5 33. g5 Bd2 34. Kf2 Kf5 35. Ke2 Bf4 36. Ne3+ Bxe3 37. Kxe3 Kg4 38. c4 dxc4 39. d5 c3 40. d6 c2
41. Kd2 e3+ 42. Kxc2 Kf3 43. d7 e2 44. d8=Q e1=Q 45. Qd3+ Kg4 46. Qd4+ Kf3 47. Qf6+ Kg2 48. Qxg6 Qe2+ 49. Kb1 Kh3 50. Qc2 Qe1+
51. Kb2 Kxh4 52. g6 Qe5+ 53. Qc3 Qe2+ 54. Qc2 Qe5+ 55. Qc3 Qe2+ 56. Qc2 Qe5+ 57. Qc3 Qe2+ 58. Qc2
1/2-1/2

[Event "slow knockout tournament"]
[Site "SchemingMind.com"]
[Date "2014.04.13"]
[Round "-"]
[White "Bengochess"]
[Black "kenneth m day"]
[Result "1-0"]
[WhiteCountry "BEL"]
[BlackCountry "USA"]
[WhiteElo "2027"]
[WhiteRD "116"]
[BlackElo "1753"]
[BlackRD "49"]
[GameID "356601"]

1. b3 Nf6 2. Bb2 g6 3. c4 Bg7 4. g3 c5 5. Bg2 O-O 6. Nf3 d6 7. O-O Nc6 8. Nc3 Rb8 9. d4 cxd4 10. Nxd4 Bd7
11. h3 e5 12. Ndb5 Nd4 13. Nxd4 exd4 14. Qxd4 Re8 15. Qxd6 Re6 16. Qd2 Qc7 17. Rad1 Rd8 18. Qc1 Ne8 19. Nd5 Qc5 20. Bxg7 Nxg7
21. e4 Bc6 22. Kh2 Nh5 23. b4 Qf8 24. a3 Nf6 25. Rfe1 Qg7 26. Qc3 Bxd5 27. exd5 Ng4+ 28. hxg4 Qxc3 29. dxe6 Rxd1 30. exf7+ Kxf7
31. Rxd1 Qxa3 32. Rd7+ Kf6 33. Rxb7 h6 34. Bd5 a5 35. f4 axb4 36. Rf7#
1-0

[Event "slow knockout tournament"]
[Site "SchemingMind.com"]
[Date "2014.04.12"]
[Round "-"]
[White "kenneth m day"]
[Black "Bengochess"]
[Result "0-1"]
[WhiteCountry "USA"]
[BlackCountry "BEL"]
[WhiteElo "1753"]
[WhiteRD "49"]
[BlackElo "2027"]
[BlackRD "116"]
[GameID "356602"]

1. e4 g6 2. d4 Bg7 3. Nc3 d6 4. f4 a6 5. Be3 b5 6. Nf3 Bb7 7. Bd3 Nd7 8. O-O Nh6 9. Qd2 Ng4 10. h3 Nxe3
11. Qxe3 c5 12. e5 cxd4 13. Nxd4 dxe5 14. fxe5 Nxe5 15. Be4 Nc4 16. Qf3 Qxd4+ 17. Kh1 Ne5 18. Bxb7 Nxf3 19. Bxa8 Ne5 20. Rad1 Qa7
21. Bd5 O-O 22. Rde1 e6 23. Be4 Nc4
0-1

[Event "slow knockout tournament"]
[Site "SchemingMind.com"]
[Date "2014.05.07"]
[Round "-"]
[White "mmccaffe"]
[Black "bobbassbone"]
[Result "1-0"]
[WhiteCountry "USA"]
[BlackCountry "ENG"]
[WhiteElo "1686"]
[WhiteRD "58"]
[BlackElo "1601"]
[BlackRD "63"]
[GameID "358064"]

1. e4 c6 2. Nc3 d5 3. Nf3 dxe4 4. Nxe4 Bg4 5. h3 Bxf3 6. Qxf3 e6 7. Bc4 Nd7 8. d3 Bb4+ 9. c3 Be7 10. Be3 Ngf6
11. O-O-O Ne5 12. Qg3 Nxe4 13. dxe4 Qa5 14. Qxg7
1-0

[Event "slow knockout tournament"]
[Site "SchemingMind.com"]
[Date "2014.05.07"]
[Round "-"]
[White "bobbassbone"]
[Black "mmccaffe"]
[Result "0-1"]
[WhiteCountry "ENG"]
[BlackCountry "USA"]
[WhiteElo "1618"]
[WhiteRD "54"]
[BlackElo "1694"]
[BlackRD "63"]
[GameID "358065"]

1. d4 Nf6 2. Bg5 g6 3. Bxf6 exf6 4. e3 Bg7 5. Nf3 O-O 6. Nbd2 d5 7. c3 Bg4 8. Be2 Nd7 9. Qb3 Nb6 10. h3 Be6
11. Qc2 Qd7 12. h4 Rac8 13. h5 Nc4 14. Bxc4 dxc4 15. hxg6 fxg6 16. O-O-O b5 17. a3 a5 18. Qe4 b4 19. axb4 axb4 20. cxb4 Ra8
21. Nb1 Ra1 22. Kd2 Bf5 23. Qh4 h6 24. Nc3 Rxd1+ 25. Rxd1 Rb8 26. b5 c6 27. bxc6 Qxc6 28. Kc1 Qa6 29. Nd2 Qa1+
0-1

[Event "slow knockout tournament"]
[Site "SchemingMind.com"]
[Date "2014.06.09"]
[Round "-"]
[White "Scooter"]
[Black "Brian Acebo"]
[Result "1-0"]
[WhiteCountry "USA"]
[BlackCountry "USA"]
[WhiteElo "1759"]
[WhiteRD "45"]
[BlackElo "1608"]
[BlackRD "83"]
[GameID "359596"]

1. d4 d5 2. Nf3 Nf6 3. Bf4 e6 4. e3 h6 5. Be2 Bd6 6. Bxd6 Qxd6 7. c3 O-O 8. O-O c5 9. Nbd2 Nc6 10. Bb5 cxd4
11. cxd4 a6 12. Bxc6 Qxc6 13. Ne5 Qc7 14. Rc1 Qd6 15. a3 b5 16. b4 Nd7 17. Rc6 Qe7 18. Ndf3 Nxe5 19. Nxe5 Bb7 20. Rc5 Rac8
21. Qd2 Qd6 22. Rfc1 Rfe8 23. h3 f6 24. Ng6 Kf7 25. Qd3 f5 26. Rxc8 Rxc8 27. Rxc8 Bxc8 28. Ne5+ Kf6 29. Qc2 Bb7 30. Kf1 g5
31. Ke2 h5 32. Qc5 Qxc5 33. bxc5 Ke7 34. Kd3 g4 35. hxg4 hxg4 36. Kc3 Kd8 37. Kb4 Kc7 38. Ka5 Kc8 39. c6 Ba8 40. Kxa6 Kc7
41. Kxb5
1-0

[Event "slow knockout tournament"]
[Site "SchemingMind.com"]
[Date "2014.06.09"]
[Round "-"]
[White "Brian Acebo"]
[Black "Scooter"]
[Result "0-1"]
[WhiteCountry "USA"]
[BlackCountry "USA"]
[WhiteElo "1606"]
[WhiteRD "83"]
[BlackElo "1706"]
[BlackRD "48"]
[GameID "359597"]

1. e4 c6 2. d4 d5 3. Nc3 dxe4 4. Nxe4 Bf5 5. Ng3 Bg6 6. Nf3 Nd7 7. Bd3 Bxd3 8. Qxd3 Qc7 9. Be3 O-O-O 10. O-O-O e6
11. Ne2 Ngf6 12. a3 Ng4 13. h3 Nxe3 14. Qxe3 Be7 15. Rd3 h6 16. g4 Nb6 17. Ne5 Bg5 18. f4 Nd5 19. Qf2 Bf6 20. Rhd1 Rhf8
21. Nc4 Kb8 22. Kb1 Nb6 23. Ne5 Bxe5 24. dxe5 Rxd3 25. Rxd3 Rd8 26. Rxd8+ Qxd8 27. Qd4 Qxd4 28. Nxd4 Nd5 29. c4 Nxf4 30. h4 Kc7
31. Kc2 g6 32. Nf3 a5 33. Kc3 b5 34. c5 Nd5+ 35. Kd4 Kd7 36. g5 h5 37. Ke4 b4 38. axb4 Nxb4 39. Nd2 a4 40. Nc4 Na6
41. Nb6+ Kc7 42. Nxa4 Kd7 43. Kd4 Nb4 44. Kc4 Nc2 45. Kd3 Ne1+ 46. Ke4 Ng2 47. b4 Nxh4 48. Kf4 Nf5 49. Nb6+ Kc7 50. Nc4 Kd7
51. Nd2 Nd4
0-1

[Event "slow knockout tournament"]
[Site "SchemingMind.com"]
[Date "2014.07.11"]
[Round "-"]
[White "poisonpawn1"]
[Black "Bengochess"]
[Result "1-0"]
[WhiteCountry "ENG"]
[BlackCountry "BEL"]
[WhiteElo "1961"]
[WhiteRD "75"]
[BlackElo "1891"]
[BlackRD "92"]
[GameID "361321"]

1. d4 Nf6 2. c4 c6 3. Nc3 d5 4. Nf3 dxc4 5. a4 Bf5 6. e3 e6 7. Bxc4 Bb4 8. O-O Nbd7 9. Qe2 Bg6 10. e4 O-O
11. Bd3 Bh5 12. e5 Nd5 13. Nxd5 cxd5 14. Qe3 f5 15. exf6
1-0

[Event "slow knockout tournament"]
[Site "SchemingMind.com"]
[Date "2014.07.11"]
[Round "-"]
[White "Bengochess"]
[Black "poisonpawn1"]
[Result "0-1"]
[WhiteCountry "BEL"]
[BlackCountry "ENG"]
[WhiteElo "1891"]
[WhiteRD "92"]
[BlackElo "1961"]
[BlackRD "75"]
[GameID "361322"]

1. e4 c5 2. Nf3 d6 3. d4 cxd4 4. Nxd4 Nf6 5. Nc3 e6 6. Be2 a6 7. Be3 Be7 8. O-O Nc6 9. Qd2 O-O 10. a4 Qc7
11. f4 Bd7 12. Nb3 b6 13. Kh1 Nb4 14. Rad1 Rfd8 15. Bf3 e5 16. f5 Bc6
0-1

[Event "slow knockout tournament"]
[Site "SchemingMind.com"]
[Date "2014.08.25"]
[Round "-"]
[White "simpet"]
[Black "Transcendent"]
[Result "1-0"]
[WhiteCountry "ENG"]
[BlackCountry "ENG"]
[WhiteElo "1690"]
[WhiteRD "61"]
[BlackElo "1583"]
[BlackRD "66"]
[GameID "363623"]

1. e4 e6 2. Nf3 d5 3. Bd3 dxe4 4. Bxe4 Nf6 5. O-O Nxe4 6. d3 Nf6 7. Bg5 Be7 8. Nbd2 O-O 9. d4 Nbd7 10. Ne5 Nxe5
11. dxe5 Nd5 12. Bxe7 Qxe7 13. c4 Nb6 14. b3 Nd7 15. f4 b6 16. Qf3 Rb8 17. Qg3 Bb7 18. Nf3 Nc5 19. Rad1 Rbd8 20. h4 Ne4
21. Qg4 Rxd1 22. Rxd1 Nc3 23. Rd2 Rd8 24. f5 exf5 25. Qxf5 Rxd2 26. Nxd2 Nxa2 27. Nf3 g6 28. Qf4 Bxf3 29. gxf3
1-0

[Event "slow knockout tournament"]
[Site "SchemingMind.com"]
[Date "2014.08.26"]
[Round "-"]
[White "Transcendent"]
[Black "simpet"]
[Result "0-1"]
[WhiteCountry "ENG"]
[BlackCountry "ENG"]
[WhiteElo "1570"]
[WhiteRD "63"]
[BlackElo "1658"]
[BlackRD "61"]
[GameID "363624"]

1. d4 f5 2. g3 Nf6 3. Bg2 e6 4. c4 Bb4+ 5. Bd2 Bxd2+ 6. Qxd2 Nc6 7. Nc3 O-O 8. Nf3 d5 9. cxd5 Nxd5 10. O-O b6
11. Ne5 Nxe5 12. dxe5 c6 13. e4 fxe4 14. Bxe4 Ba6 15. Rfd1 Qc7 16. Rac1 Qxe5 17. Re1 Qf6 18. Nd1 Rac8 19. Ne3 Bb5 20. b3 Rcd8
21. Qc2 Nb4 22. Qb1 Bd3 23. Bxd3 Nxd3 24. Rxc6 Qxf2+
0-1

[Event "slow knockout tournament"]
[Site "SchemingMind.com"]
[Date "2014.11.10"]
[Round "-"]
[White "simpet"]
[Black "mmccaffe"]
[Result "1-0"]
[WhiteCountry "ENG"]
[BlackCountry "USA"]
[WhiteElo "1646"]
[WhiteRD "61"]
[BlackElo "1717"]
[BlackRD "57"]
[GameID "368753"]

1. e4 c5 2. c4 d6 3. Nf3 Nc6 4. Be2 g6 5. O-O Bg7 6. Nc3 e6 7. d3 Nge7 8. Bg5 O-O 9. Qd2 a6 10. a3 Rb8
11. Bh6 Nd4 12. Bxg7 Kxg7 13. Nxd4 cxd4 14. Na4 Bd7 15. b3 Bxa4 16. bxa4 Qd7 17. a5 Qc7 18. Rab1 d5 19. Rbc1 dxe4 20. dxe4 Nc6
21. f4 Qxa5 22. Qxa5 Nxa5 23. Rfd1 Rfd8 24. g4 Nb3 25. Rb1 Nc5 26. e5 Ne4 27. Rb3 Nc3 28. Rd2 Nxe2+ 29. Rxe2 d3 30. Rd2 Rbc8
31. Rc3 Rd4 32. Rcxd3 Rxd3 33. Rxd3 Rxc4 34. Rf3 b5 35. Kg2 a5 36. Kg3 b4 37. axb4 axb4 38. Re3 Rc3 39. Kf3 Rxe3+ 40. Kxe3 f6
41. Kd3 g5 42. fxg5 fxe5 43. Kc4 Kg6 44. h4 e4 45. Kxb4 h5 46. gxh6 Kxh6 47. Kc3 e5 48. Kd2 Kg6 49. Ke3
1-0

[Event "slow knockout tournament"]
[Site "SchemingMind.com"]
[Date "2014.11.10"]
[Round "-"]
[White "mmccaffe"]
[Black "simpet"]
[Result "0-1"]
[WhiteCountry "USA"]
[BlackCountry "ENG"]
[WhiteElo "1690"]
[WhiteRD "57"]
[BlackElo "1690"]
[BlackRD "61"]
[GameID "368754"]

1. c4 e5 2. Nc3 Bc5 3. g3 Nc6 4. Bg2 Nf6 5. d3 a6 6. e3 d6 7. Nge2 Bg4 8. O-O O-O 9. a3 Qd7 10. b4 Ba7
11. Bd2 Bh3 12. e4 Bxg2 13. Kxg2 Ng4 14. Nd5 Ne7 15. h3 Nxd5 16. cxd5 Nf6 17. Rc1 Ne8 18. f4 f5 19. Qc2 Nf6 20. exf5 Qxf5
21. Qxc7 Qxd3 22. Qxd6 Qxe2+ 23. Kh1 Ne4 24. Qe6+ Kh8 25. Qg4 Qxd2 26. Rc7 Rg8 27. Qf3 Nf2+ 28. Rxf2 Bxf2 29. f5 Qe1+
0-1

[Event "slow knockout tournament"]
[Site "SchemingMind.com"]
[Date "2014.12.02"]
[Round "-"]
[White "simpet"]
[Black "Scooter"]
[Result "1/2-1/2"]
[WhiteCountry "ENG"]
[BlackCountry "USA"]
[WhiteElo "1595"]
[WhiteRD "68"]
[BlackElo "1708"]
[BlackRD "44"]
[GameID "369974"]

1. e4 c6 2. f4 d5 3. e5 e6 4. Nf3 Bc5 5. d4 Bb6 6. Bd3 Ne7 7. Nc3 Nd7 8. Na4 c5 9. b3 cxd4 10. Nxb6 Qxb6
11. Bb2 Qb4+ 12. Qd2 Qxd2+ 13. Nxd2 Nc6 14. Nf3 Nc5 15. Nxd4 Nxd4 16. Bxd4 Nxd3+ 17. cxd3 O-O 18. O-O b6 19. Rac1 Ba6 20. Rc3 Rac8
21. Rfc1 Rxc3 22. Rxc3 Rc8 23. Rxc8+ Bxc8 24. a4 Ba6 25. a5 bxa5 26. Bxa7 Bxd3 27. Bb6 Bc2 28. Bxa5 Bxb3 29. Bb6 Kf8 30. Kf2 Ke7
31. Ke3 Kd7 32. Kd4 h6 33. h4 Kc6 34. Bc5 h5 35. g3 Bc2 36. Bf8 g6 37. Bh6 Kb5 38. Bg5 Kb4 39. Bd8 Kb3 40. Bb6 Bf5
41. Bd8 Kc2 42. Be7 Kd2 43. Bf6 Ke2 44. Bg5 Kf3 45. Bf6 Kxg3 46. Bg5 Kg4 47. Kc5 Kf3 48. Kd4 Bc2 49. Bh6 Ba4 50. Bg5 Be8
51. Bh6 f6 52. exf6 Kg4 53. Bg5 Kf5 54. Ke3 e5 55. fxe5 Kxe5 56. Kd3 Bf7 57. Kd2 Ke4 58. Bh6 d4 59. Bg5 Bc4 60. Bh6 Kf3
61. f7 Bxf7 62. Kd3 Kg3 63. Bg5 Kg4 64. Kxd4 Ba2=
1/2-1/2

[Event "slow knockout tournament"]
[Site "SchemingMind.com"]
[Date "2014.12.03"]
[Round "-"]
[White "Scooter"]
[Black "simpet"]
[Result "1-0"]
[WhiteCountry "USA"]
[BlackCountry "ENG"]
[WhiteElo "1778"]
[WhiteRD "45"]
[BlackElo "1585"]
[BlackRD "56"]
[GameID "369975"]

1. d4 d5 2. Nf3 Nf6 3. Bf4 Bf5 4. e3 e6 5. Bd3 Bxd3 6. Qxd3 Bd6 7. Bxd6 Qxd6 8. O-O O-O 9. c3 Nbd7 10. Nbd2 c5
11. h3 c4 12. Qc2 Nh5 13. Ng5 Nhf6 14. e4 Qe7 15. e5 g6 16. exf6 Qxf6 17. Ngf3 e5 18. dxe5 Nxe5 19. Nxe5 Qxe5 20. Rfe1 Qf6
21. Nf3 b5 22. Ne5 Rfe8 23. Nd7 Qd6 24. Rxe8+ Rxe8 25. Qd2 Qxd7 26. Rd1 Rd8 27. Qd4 Re8 28. Kf1 Re4 29. Qxe4
1-0